Quizzes
Events
Quiz Creation
Community
Videos
Private Events
Remove Ads
Sign In
Join for FREE
Feedback
Dark Mode
Quiz Categories
Sports
Geography
Music
Movies
Television
Just For Fun
Miscellaneous
History
Literature
Language
Science
Gaming
Entertainment
Religion
Holiday
For Kids
Quiz Lab
Recent
Popular Today
Quiz Kudos Today
Editor Picks
Curator Picks
Quizzes by...
Day
Popularity
Type
Ratings
Length
Year
Community
Subscriptions
Recent Discussions
Orange Saloon
Badges
Playlists
Quests
Create
Leaderboards
Showdown
Live 5
Trivia Bingo
Activity
Puzzle Library
Sporcle Events
Private Events
Virtual Trivia
Globe League
Become a Host
Pub Owners
SporcleCon
Opinionation
Our Games
Videos
Blog
Mobile Apps
Partnerships
Remove Ads and Go Orange
Feedback
Music
Pop Music
The Beatles
Song
Album
Lyrics
Bands
Singers
Artist
Clip
Rock
Rap
Classical
Billboard
Country Music
Kpop
Taylor Swift
Music
Pop Music
The Beatles
Song
Album
Lyrics
Bands
Singers
Artist
Clip
Rock
Rap
Classical
Billboard
Country Music
Kpop
Taylor Swift
Random Quiz
Search Sporcle
×
Editor Pick
Editor Pick
Music
Artist
Type in answers that appear in a list
Type in answers that appear in a list
Classic
Best Score? Go Orange.
The 'Flow' Of Hip Hop Albums Stats
Can you name the artists of the hip hop albums within the verse?
By
GoldLion
6m
20 Questions
1,373 Plays
1,373 Plays
1,373 Plays
Comments
Comments
Give Quiz Kudos
Give Quiz Kudos
-
- Ratings
hide this ad
Forced Order
Answers have to be entered in order
Answers have to be entered in order
Replay
Link that replays current quiz
Next Quiz
Link to next quiz in quiz playlist
You Got
0%
They Got
Avg Score
38%
Avg Friend Score
Upgrade to see
Score Distribution
Jump to the score distribution portion of the page
Score
0/20
Timer
06:00
0
Plays Today
#
Artist
% Correct
3
Jay-Z
91.8%
8
Dr. Dre
83.2%
1
Nas
82.5%
9
Notorious B.I.G.
81%
10
2Pac
65.1%
17
The Fugees
49.2%
13
Big Pun
43.3%
7
The Roots
39.5%
15
Ice Cube
34%
14
Wu-Tang Clan
31%
#
Artist
% Correct
12
EPMD
30.3%
2
Talib Kweli
26.6%
18
Eric B. & Rakim
21.3%
4
Common
20.9%
11
Boogie Down Productions
19.6%
16
GZA
13.3%
5
E-40
9%
20
DJ Quik
8.1%
6
Goodie Mob
6.2%
19
Masta Ace
5.6%
Quiz Playlist
Details
Report
Send in Message
Add To Playlist
Classic:
Type in answers that appear in a list
Forced Order:
Answers have to be entered in order
Last Updated: Jun 24, 2020
Editor Pick in
Music
Curator Pick in
Rap
Quiz Scoreboard
CHALLENGE
Sign Up to Join the Scoreboard
Show All
Scores
Hide
Comments
May contain spoilers
Recently Published
Movies - When Are They Set?
by FPL_Elf
Movies
5m
Popular People in 1961
by mucciniale
History
6m
1-10 Letter E Words III
by El_Dandy
Language
2m
More to Explore
Quiz From the Vault
Featured Blog Post
Where Did the Easter Bunny Come From?
hide this ad
You Might Also Like...
Tags
Album Quiz
Artist Quiz
Rap Quiz
Verse Quiz
Flow
hip
Hip-Hop
hop
Rap Albums
Rap Artists
Today's Top Quizzes in Music
Browse Music
hide this ad
Today's Top Quizzes in Artist
Browse Artist
Top Contributed Quizzes in Music
1
Taylor Swift All Songs (2024)
2
2010s Album by Cover III
3
Guess the Artist- 70s Songs
4
One Thing in Common: Music
5
Taylor Swift Logic Puzzle
6
Guess the Taylor Swift song (Mystery Song)
7
2010s Album by Cover IV
8
2010s Album by Cover V
9
KPOP LOGIC QUIZ
10
Kpop Logic Quiz
Explore More
Trending Topics
Marvel
NBA
Disney
Anime
Crossword
Kpop
Harry Potter
Puzzle
WWE
Country
Soccer
The Office
Song
NFL
Pokémon
hide this ad
More By:
GoldLion
Quiz
Plays
Rating
Category
Featured
Created
VH1's 200 Greatest Pop Culture Icons
8,335
3.92
Entertainment
Oct 1, 2009
1990s Rock (Audio)
4,251
4.33
Music
Jun 8, 2010
Female Anime Characters (Images)
3,785
3.50
Television
Jul 16, 2010
2000s Rock (Audio)
3,651
4.33
Music
Jun 17, 2010
1990s Hip Hop (Audio)
3,585
4.39
Music
Jun 1, 2010
Go to Creator's Profile
Score Distribution
Quiz Creator Spotlight
GoldLion
Follow
Send a Message
Quizzes Created
-
Created Quiz Play Count
-
More By This Creator
Popular Quizzes Today
1
Find the Countries of Europe - No Outlines Minefield
2
Find the US States - No Outlines Minefield
3
The Countries of the World
4
Popular People in 1961
5
US States
6
1-10 Letter E Words III
7
Find the US States
8
One Thing in Common: World Cities II
More Music Quizzes
EXO Music Videos by Thumbnail
Quiz Lab
Trending Quizzes
Risky Map Clicking: Least Populous States A-Z
1-10 Letter F Words
1-10 Letter G Words
One Thing in Common: United Kingdom
Risky Map Clicking: Next State Alphabetically
Recently Updated
Leaping Animals
pecheneg
Reality TV Shows (A-Z)
bhenderson79
Rickey Henderson's Hall of Fame Teammates
pecheneg
Champions League XIs: Arsenal
pecheneg
Quick Pick: Celebrities in WWE's Hall of Fame
aduchscher
A-Z Keypad Blitz II
pecheneg
Multiple Oscar Actors
pecheneg
Mystery Phrase Blitz: Oscar 'Best Actors'
pecheneg
F. Scott Fitzgerald Novels
LTH
Pick 3 Villains
ddd62291
Trending Topics
Kpop
Harry Potter
NBA
Crossword
Disney
Anime
Marvel
Song
Pokémon
NFL
The Office
Puzzle
WWE
Soccer
Country
Your Account Isn't Verified!
In order to create a playlist on Sporcle, you need to verify the email address you used during registration. Go to your
Sporcle Settings
to finish the process.
Report this User
Report this user for behavior that violates our
Community Guidelines
.
Details:
Send Report
Go to the Sporcle.com Mobile Site →
Comments